00271nam a2200121Ia 4500003000400000008004100004082001500045100001500060245003300075260002500108300000800133650000800141OSt191201s2012 xx 000 0 und d a657.3bGOF aGOYAL, V K 0aFinancial Accounting for BBA aNew DelhibPHIc2012 a587 aBBA